201 things you should know about AIDS and other sexually transmitted diseases

में बचाया:
ग्रंथसूची विवरण
मुख्य लेखक: Jeffrey S Nevid
स्वरूप: पुस्तक
भाषा:Undetermined
प्रकाशित: Boston, Massachusetts Allyn and Bacon 1993
विषय:
टैग : टैग जोड़ें
कोई टैग नहीं, इस रिकॉर्ड को टैग करने वाले पहले व्यक्ति बनें!
Thư viện lưu trữ: Trung tâm Học liệu Trường Đại học Cần Thơ
LEADER 00578nam a2200193Ia 4500
001 CTU_32016
008 210402s9999 xx 000 0 und d
020 |b 203.500đ 
082 |a 616.73699 
082 |b N521 
100 |a Jeffrey S Nevid 
245 0 |a 201 things you should know about AIDS and other sexually transmitted diseases 
245 0 |c Jeffrey S Nevid 
260 |a Boston, Massachusetts 
260 |b Allyn and Bacon 
260 |c 1993 
650 |a aids,communicable diseases 
904 |i Minh, 990713 
980 |a Trung tâm Học liệu Trường Đại học Cần Thơ